000 00682nam a2200241Ia 4500
003 OSt
005 20220918222043.0
006 a|||||r|||| 00| 0
007 ta
008 220917b |||||||| |||| 00| 0 eng d
024 _a215,551
037 _cTextual
040 _aARTS
_cARTS
_beng
041 _2eng
_aeng
082 _aV3:17.M67<-M30, P2
100 _aHall Catherine
245 0 _aCivilising subjects
_b Metropole and colony in the English imagination 1830-1867
260 _aUK
_bPolity press
_c2002
300 _axviii, 556 p
_ccm.
650 _aHISTORY
942 _hV3:17.M67<-M30, P2
_cTEXL
_2CC
999 _c274434
_d274434